Aby investorov netrápilo svedomie počet i objem majetku sa v sociálne zodpovedných fondoch zvyšuje

Investície do etických fondov a majetku spoločnosti podľa sociálneho správania. Portfólio a zdroje fondového priemysleu v sociálne zameraných fondoch. Rozdiely vo výkonnostiach akcií firiem, ktoré dodržujú etické kritéria. Etické investovanie na Slovensku.

Salvato in:
Dettagli Bibliografici
Autore principale: Škriniar, Pavel, 1979-
Natura: Capitolo di libro
Lingua:slovacco
Soggetti:
Tags: Aggiungi Tag
Nessun Tag, puoi essere il primo ad aggiungerne!!

MARC

LEADER 00000naa a2200000 4500
001 0122120
005 20240502072401.2
041 0 |a slo 
044 |a SK 
245 1 0 |a Aby investorov netrápilo svedomie  |b počet i objem majetku sa v sociálne zodpovedných fondoch zvyšuje  |c Pavel Škriniar 
520 |a Investície do etických fondov a majetku spoločnosti podľa sociálneho správania. Portfólio a zdroje fondového priemysleu v sociálne zameraných fondoch. Rozdiely vo výkonnostiach akcií firiem, ktoré dodržujú etické kritéria. Etické investovanie na Slovensku. 
610 2 0 |a trh kapitálový 
610 2 0 |a bankovníctvo investičné 
610 2 0 |a burzovníctvo 
610 2 0 |a stratégia investičná 
610 2 0 |a rozhodovanie finančné 
610 2 0 |a investovanie obozretné 
610 2 0 |a portfólio 
610 2 0 |a zodpovednosť spoločenská 
610 2 0 |a kódexy etické 
100 1 |a Škriniar, Pavel, 1979-